The European Union (Record no. 56114)
[ view plain ]
| 000 -LEADER | |
|---|---|
| fixed length control field | 01294nam a2200325Ia 4500 |
| 245 04 - TITLE STATEMENT | |
| Title | The European Union |
| 260 ## - PUBLICATION, DISTRIBUTION, ETC. (IMPRINT) | |
| Place of publication | London ; |
| -- | Thousand Oaks, CA : |
| Name of publisher | Sage, |
| Year of publication | 1996. |
| 300 ## - PHYSICAL DESCRIPTION | |
| Number of Pages | vi, 295 p. : |
| Other physical details | ill. |
| 650 #0 - SUBJECT ADDED ENTRY--TOPICAL TERM | |
| Topical Term | Democracy |
| 700 1# - ADDED ENTRY--PERSONAL NAME | |
| Personal name | Andersen, Svein S., |
| Personal name | Eliassen, Kjell A. |
| 856 40 - ELECTRONIC LOCATION AND ACCESS | |
| Uniform Resource Identifier | http://site.ebrary.com/lib/rucke/Doc?id=10326862 |
No items available.
